Statistiques concernant Dates marquantes de la vie politique française (VI)

Cliquez ici pour prendre le quiz!

Statistiques générales

  • Ce quiz a été pris 43 fois
  • Le résultat moyen est 8 sur 15

Statistiques - réponses

Evénement(s)Date(s)% Correct
Affaire DSK2011
88%
Manuel Valls quitte la vie politique française et se présente à Barcelone2017
88%
Jacques Chaban-Delmas devient Premier ministre de la République française1969
75%
François Mitterrand devient Premier secrétaire du PS lors du congrès d'Epinay1971
70%
Michel Rocard devient Premier Ministre de la République française1988
70%
Début du siège de Paris par les Allemands (IIIème République)1870
65%
François Hollande est nommé premier secrétaire du PS1997
63%
Visite de Mouammar Kadhafi en France2007
58%
Emile Loubet devient Président de la République française (IIIème République)1899
43%
Loi sur la liberté d'association et de propriété1901
43%
Première femme nommée comme ministre1936
35%
Aristide Briant devient Président du Conseil pour la première fois (IIIème République)1909
33%
Mort du Comte de Chambord et donc extinction de la branche aînée des Bourbons1883
15%
Introduction de l'enveloppe, de l'isoloir et le dépot dans une urne pour une élection en France1913
10%
Syllabus du pape Pie IX (qui impactera le rôle de l'Eglise en France)1864
8%

Distribution des résultats

Percentile par nombre de réponses

% des personnes avec chaque résultat

Votre développement - résultats

Vous n’avez pas pris ce quiz